Équipe des Etats-Unis de Football - Tous les joueurs (2010-....) - Statistiques

Statistiques générales
  • Ce quiz a été pris 112 fois
  • Le résultat moyen est 19 sur 163
Statistiques - réponses
Première sélection Dernière sélection Joueur Nb de sélections % Correct
2016 Christian Pulisic 51
89%
2018 Timothy Weah 25
70%
2002 2017 Tim Howard 121
69%
2000 2014 Landon Donovan 157
64%
2017 Weston McKennie 35
63%
2004 2017 Clint Dempsey 141
53%
2017 Tyler Adams 30
49%
2020 Giovanni Reyna 12
46%
2019 Sergino Dest 17
46%
2004 2014 Eddie Johnson 63
44%
2011 2017 Fabian Johnson 57
44%
2011 Sean Johnson 10
44%
2010 2017 Jermaine Jones 69
39%
2007 2019 Jozy Altidore 115
38%
2006 2019 Michael Bradley 151
36%
2018 Antonee Robinson 29
34%
2021 Matt Turner 18
34%
2019 Miles Robinson 21
34%
2014 DeAndre Yedlin 74
31%
2013 John Brooks 45
31%
2018 Zack Steffen 29
29%
2020 Brendan Aaronson 22
25%
2015 Matt Miazga 22
25%
2015 Gyasi Zardes 67
24%
2020 Yunus Musah 19
24%
2010 Tim Ream 46
21%
2020 Konrad de la Fuente 3
20%
2022 Haji Wright 3
16%
2017 Walker Zimmermann 31
16%
2018 Aaron Long 27
15%
2010 2017 Alejandro Bedoya 66
15%
2006 Brad Guzan 64
15%
2006 2011 Freddy Adu 17
15%
2012 Bill Hamid 8
14%
2011 2017 Danny Williams 23
14%
2018 Josh Sargent 19
14%
2011 2016 Timothy Chandler 29
14%
2001 2012 Carlos Bocanegra 110
13%
2018 Erik Palmer-Brown 4
13%
2021 Jordan Pefok 9
13%
2014 Julian Green 15
13%
2010 2019 Omar Gonzalez 52
13%
2020 Chris Richards 8
11%
2020 Jesus Ferreira 13
11%
2005 2012 Ricardo Clark 34
11%
2013 2015 Aron Johannsson 19
10%
2013 2018 Bobby Wood 45
10%
2005 2014 Brad Davis 17
10%
2017 Cameron Carter-Vickers 11
10%
2017 Cristian Roldan 32
10%
2001 2017 DaMarcus Beasley 126
10%
2014 Jordan Morris 48
10%
2016 Kellyn Acosta 52
10%
2022 Malik Tillman 2
10%
2007 2014 Maurice Edu 46
10%
2011 2016 Chris Wondolowski 35
9%
2018 Reggie Cannon 27
9%
2021 Ricardo Pepi 11
9%
2017 Sebastian Lletget 33
9%
2018 Shaquell Moore 15
9%
2012 2016 Terrence Boyd 14
9%
2019 Tyler Boyd 10
9%
2015 2018 Darlington Nagbe 25
8%
2019 Djordje Mihailovic 6
8%
2012 2017 Graham Zusi 55
8%
2022 Joe Scally 2
8%
2018 Luca de la Torre 11
8%
2002 2018 Nick Rimando 22
8%
2004 2014 Oguchi Onyewu 69
8%
2016 Paul Arriola 47
8%
2015 2016 Perry Kitchen 5
8%
2013 2019 Alfredo Morales 16
6%
2010 2018 Eric Lichaj 16
6%
2021 Eryk Williamson 4
6%
2010 2017 Geoff Cameron 55
6%
2007 2013 Herculez Gomez 24
6%
2007 2011 Jonathan Bornstein 38
6%
2021 Jonathan Gomez 1
6%
2007 2016 Kyle Beckerman 58
6%
2020 Mark McKenzie 8
6%
2013 2017 Matt Besler 47
6%
1999 2012 Steve Cherundolo 87
6%
2007 2017 Benny Feilhaber 44
5%
2009 2017 Brad Evans 27
5%
2019 Corey Baird 4
5%
2021 Daryl Dike 8
5%
2009 2016 Edgar Castillo 18
5%
2016 Ethan Horvath 8
5%
2021 George Bello 7
5%
2021 Gianluca Busio 9
5%
2021 James Sands 7
5%
2012 2018 Joe Corona 23
5%
2019 Jonathan Lewis 8
5%
2004 2015 Jonathan Spector 36
5%
2008 2013 José Francisco Torres 26
5%
2010 2018 Juan Agudelo 28
5%
1994 2011 Marcus Hahnemann 9
5%
2007 2014 Michael Parkhurst 25
5%
2010 2016 Mix Diskerud 38
5%
2007 2017 Sacha Kljestan 52
5%
2008 2013 Stuart Holden 25
5%
2015 2019 Wil Trapp 20
5%
2012 2012 Alan Gordon 2
4%
2021 Brooks Lennon 1
4%
2005 2017 Chad Marshall 12
4%
2020 Chase Gasper 1
4%
2008 2014 Clarence Goodson 46
4%
2004 2010 Conor Casey 19
4%
2017 2017 Dom Dwyer 4
4%
2003 2012 Edson Buddle 11
4%
2016 2016 Ethan Finlay 3
4%
2014 2017 Greg Garza 10
4%
2005 2012 Heath Pearce 35
4%
2007 2011 Jay DeMerit 25
4%
2013 2018 Justin Morrow 4
4%
2021 Matthew Hoppe 6
4%
2008 2016 Michael Orozco 29
4%
2020 Nicholas Gioacchini 8
4%
2019 Nick Lima 9
4%
2007 2010 Robbie Findlay 11
4%
2009 2011 Robbie Rogers 18
4%
2014 2018 Rubio Rubin 7
4%
2015 2017 Steve Birnbaum 11
4%
2021 Tamer Tessmann 1
4%
2009 2010 Troy Perkins 7
4%
2015 2016 William Yarbrough 3
4%
2012 2012 AJ DeLaGarza 2
3%
2003 2010 Brian Ching 45
3%
2021 Bryan Reynolds 2
3%
2021 Cade Cowell 1
3%
2017 2017 Chris Pontius 5
3%
2019 Daniel Lovitz 13
3%
2011 2011 David Yelldell 1
3%
2009 2017 Dax McCarty 13
3%
2021 Donovan Pines 2
3%
2021 Henry Kessler 2
3%
2019 Jackson Yueill 16
3%
2005 2010 Jimmy Conrad 27
3%
2017 2018 Jorge Villafana 21
3%
2020 Kyle Duncan 1
3%
2009 2017 Luis Robles 3
3%
2015 2017 Matt Hedges 5
3%
2019 Paxton Pomykal 1
3%
2020 Sam Vines 8
3%
2013 2014 Tony Beltran 3
3%
2020 Ulysses Llanez 3
3%
2015 2016 Ventura Alvarado 13
3%
2021 Aaron Herrera 1
1%
2021 Andrés Perea 1
1%
2020 Chris Mueller 2
1%
2021 Cole Bassett 1
1%
2004 2010 Eddie Gaven 8
1%
2001 2010 Jeff Cunningham 14
1%
2019 Jeremy Ebobisse 1
1%
2017 2018 Kelyn Rowe 4
1%
2009 2010 Logan Pause 6
1%
2018 Marky Delgado 6
1%
2005 2010 Nat Borchers 3
1%
2020 Owen Otasowie 1
1%
2011 2011 Sean Franklin 1
1%
2013 2013 Will Bruin 2
1%
2019 Chris Gloster 2
0%
2020 Johnny Cardoso 3
0%
Aucun quiz correspondant
Distribution des résultats
% des personnes avec chaque résultat
Percentile par nombre de réponses
Votre historique - résultats
Vous n’avez pas pris ce quiz